الإدارة الاقتصادية في الشركات اليابانية / (رقم التسجيلة. 136751)

تفاصيل مارك
000 -LEADER
fixed length control field 00557nam a22001817a 4500
005 - DATE AND TIME OF LATEST TRANSACTION
control field 20251108175541.0
008 - FIXED-LENGTH DATA ELEMENTS--GENERAL INFORMATION
fixed length control field 250721s2016 xx 000 0 ara d
082 14 - DEWEY DECIMAL CLASSIFICATION NUMBER
Classification number 658.0952/ديل
100 1# - MAIN ENTRY--PERSONAL NAME
Personal name ديلمي، لخضر
245 10 - TITLE STATEMENT
Title الإدارة الاقتصادية في الشركات اليابانية /
264 1# - PRODUCTION, PUBLICATION, DISTRIBUTION, MANUFACTURE, AND COPYRIGHT NOTICE
Place of production, publication, distribution, manufacture عمان :
Name of producer, publisher, distributor, manufacturer دار امجد للنشر و التوزيع،
Date of production, publication, distribution, manufacture, or copyright notice 2016.
300 ## - PHYSICAL DESCRIPTION
Extent 213ص.
650 17 - SUBJECT ADDED ENTRY--TOPICAL TERM
Topical term or geographic name as entry element الادارة
650 17 - SUBJECT ADDED ENTRY--TOPICAL TERM
Topical term or geographic name as entry element اليابان
700 1# - ADDED ENTRY--PERSONAL NAME
Personal name روازقي، محمد
942 ## - ADDED ENTRY ELEMENTS (KOHA)
Source of classification or shelving scheme Dewey Decimal Classification
Koha item type كتب
المقتنيات
حالة السحب حالة الفقدان مصدر التصنيف حالة التلف غير قابل للإعارة المكتبة الرئيسية المكتبة الحالية موقع الرف تاريخ التزويد الرقم المتسلسل Total Checkouts رقم الإستدعاء الباركود تاريخ آخر ظهور تاريخ الفاتورة نوع المادة (كوها)
    Dewey Decimal Classification     المكتبة المركزية المكتبة المركزية الإعارة 28/07/2025 1672694   658.0952/ديل PLD00411615 28/07/2025 28/07/2025 كتب
    Dewey Decimal Classification     مكتبة أم قصير والمقابلين العامة مكتبة أم قصير والمقابلين العامة الإعارة 05/12/2017 1672695   658.0952/ديل PLD00412721 28/07/2025 05/12/2017 كتب
    Dewey Decimal Classification     مكتبة الاميرة بديعة مكتبة الاميرة بديعة الإعارة 05/12/2017 1672698   658.0952/ديل PLD00412725 28/07/2025 05/12/2017 كتب
    Dewey Decimal Classification     مكتبة الجويدة مكتبة الجويدة الإعارة 05/12/2017 1672696   658.0952/ديل PLD00412722 28/07/2025 05/12/2017 كتب
    Dewey Decimal Classification     مكتبة بيت السينما مكتبة بيت السينما الإعارة 30/09/2018 1689837   658.0952/ديل PLD00434783 28/07/2025 30/09/2018 كتب
Implemented & Customized by: BBB with SCIT (Smart Chains for Information Technology)

Powered by Koha